000 00370nam a2200145 a 4500
001 5221
003 CDMR
005 20130320111203.0
008 130130s2011||||||||||||||||||||||||||||d
040 _aCDMR
_bcat
_cCPC GIRONA
110 1 _92850
_aGirona
_b -- Patronat Provincial de Turisme
245 0 _aMemòria 2010
260 _c2011
_bDiputació de Girona
942 _cMON
_2ddc
999 _c5221
_d5221